RAPID TV TROUBLE SHOOTING METHODS (Record no. 585363)

000 -LEADER
fixed length control field 00260nam a22001097a 4500
082 ## - DEWEY DECIMAL CLASSIFICATION NUMBER
Classification number 621.388 CIS'R
100 ## - MAIN ENTRY--PERSONAL NAME
Personal name CISIN, HARRY G
9 (RLIN) 80427
245 ## - TITLE STATEMENT
Title RAPID TV TROUBLE SHOOTING METHODS
260 ## - PUBLICATION, DISTRIBUTION, ETC.
Place of publication, distribution, etc. NEWYORK
Name of publisher, distributor, etc. HARRY G. CISIN
Date of publication, distribution, etc. 1967
300 ## - PHYSICAL DESCRIPTION
Extent 22P
942 ## - ADDED ENTRY ELEMENTS (KOHA)
Koha item type Book
Holdings
Withdrawn status Lost status Damaged status Not for loan Permanent Location Current Location Shelving location Date acquired Total Checkouts Full call number Barcode Date last seen Price effective from Koha item type
        College of Electrical & Mechanical Engineering (CEME) College of Electrical & Mechanical Engineering (CEME) General Stacks 07/07/2017   621.388 CIS'R CEME-5144 06/28/2021 06/28/2021 Book
© 2023 Central Library, National University of Sciences and Technology. All Rights Reserved.